[Event "ICS rated blitz match"]
[Site "204.178.125.65"]
[Date "2001.08.19"]
[Round "?"]
[White "NewHal9000"]
[Black "Hossa"]
[Result "1-0"]
[WhiteElo "2680"]
[BlackElo "2530"]
[PlyCount "138"]
[EventDate "2001.??.??"]

1. c4 c5 2. Nf3 Nf6 3. d4 cxd4 4. Nxd4 Nc6 5. Nc3 Nxd4 6. Qxd4 d6 7. g3 g6 8.
Bg2 Bg7 9. O-O Nh5 10. Qh4 h6 11. Be3 Bf6 12. Qe4 Bxc3 13. bxc3 Nf6 14. Qd4 Qc7
15. c5 dxc5 16. Qxc5 Qxc5 17. Bxc5 Nd7 18. Be3 Nb8 19. Rfd1 Nc6 20. Rab1 h5 21.
h3 O-O 22. c4 Kg7 23. c5 Rd8 24. Rxd8 Nxd8 25. h4 Nc6 26. Kf1 Kg8 27. Bh6 f6
28. Ke1 Kf7 29. Bd2 Kg7 30. Bc3 Nd8 31. Ba5 Nc6 32. Bc7 Kf7 33. Kd2 Ke6 34. Bf4
Kd7 35. Kc3 e5 36. Bh6 Ke7 37. f4 exf4 38. Bxf4 Kf7 39. a3 Ke6 40. Be4 Kf7 41.
e3 Kg7 42. Bd6 f5 43. Bf3 Kf6 44. e4 fxe4 45. Bxe4 Kg7 46. Bf4 Kf7 47. Bg5 Kg7
48. Rd1 Na5 49. Rd8 Nc6 50. Rd6 Bf5 51. Bxf5 gxf5 52. Rd7+ Kg6 53. Rxb7 Ne5 54.
Re7 Nf3 55. Re6+ Kg7 56. Kc4 a6 57. c6 a5 58. c7 Rc8 59. Bf4 Kf7 60. Kd5 Nh2
61. Ra6 Ke7 62. Kc6 Ng4 63. Kb7 Rxc7+ 64. Kxc7 a4 65. Rxa4 Ke6 66. Ra6+ Ke7 67.
a4 Kf7 68. Kd6 Kg6 69. Ke7+ Kh7 {Hossa resigns} 1-0

[Event "ICS rated blitz match"]
[Site "204.178.125.65"]
[Date "2001.08.19"]
[Round "?"]
[White "Hossa"]
[Black "Yace"]
[Result "0-1"]
[WhiteElo "2521"]
[BlackElo "2858"]
[PlyCount "86"]
[EventDate "2001.??.??"]

1. c4 Nf6 2. Nc3 g6 3. g3 Bg7 4. Bg2 O-O 5. e4 c5 6. Nge2 Nc6 7. O-O Ne8 8. d3
Nc7 9. Be3 Ne6 10. Qd2 d6 11. Bh6 Ned4 12. Nxd4 Nxd4 13. Bxg7 Kxg7 14. f4 Qa5
15. f5 f6 16. Qd1 e5 17. Ne2 Nc6 18. Nc3 Bd7 19. fxg6 hxg6 20. Nb5 a6 21. Nc3
Nd4 22. Qd2 Be6 23. Qf2 b5 24. Nd5 Rab8 25. b3 Bxd5 26. cxd5 Qc3 27. Rad1 f5
28. Qe3 f4 29. gxf4 exf4 30. Qh3 Ne2+ 31. Kf2 Qc2 32. Qd7+ Rf7 33. Qxd6 Re8 34.
Ra1 f3 35. Bxf3 Ref8 36. Ke3 Nd4 37. Bh5 Rf3+ 38. Bxf3 Rxf3+ 39. Rxf3 Qe2+ 40.
Kf4 Qxf3+ 41. Kg5 Qh5+ 42. Kf4 g5+ 43. Ke3 Qe2# {Hossa checkmated} 0-1

[Event "ICS rated blitz match"]
[Site "204.178.125.65"]
[Date "2001.08.20"]
[Round "?"]
[White "Tinker"]
[Black "Hossa"]
[Result "1-0"]
[WhiteElo "2465"]
[BlackElo "2517"]
[PlyCount "101"]
[EventDate "2001.??.??"]

1. e4 c5 2. Nf3 d6 3. d4 cxd4 4. Nxd4 Nc6 5. Nc3 e5 6. Ndb5 a6 7. Na3 Nf6 8.
Bg5 Be7 9. Nc4 Nd4 10. Bxf6 Bxf6 11. Nd5 Bg4 12. Qd3 Rc8 13. Nxf6+ gxf6 14. Ne3
Qb6 15. c3 Qxb2 16. Rb1 Qxa2 17. cxd4 Rc3 18. Qxc3 Qxb1+ 19. Kd2 Qa2+ 20. Qc2
Qa5+ 21. Qc3 Qa2+ 22. Nc2 Qb1 23. f3 Be6 24. d5 Bd7 25. Qc7 Ke7 26. Ne3 Qb4+
27. Kd1 Rd8 28. Nf5+ Ke8 29. Ng7+ Ke7 30. Bd3 Qa3 31. Ke2 Qb2+ 32. Kd1 Qa3 33.
Bc2 Qa1+ 34. Kd2 Qxh1 35. Nf5+ Ke8 36. Nxd6+ Ke7 37. Nf5+ Ke8 38. Ng7+ Kf8 39.
Qxd8+ Kxg7 40. Qxd7 Qxg2+ 41. Kc1 b5 42. d6 f5 43. Qc7 fxe4 44. fxe4 Qxh2 45.
d7 h5 46. d8=Q Qg3 47. Qce7 Qg1+ 48. Bd1 Qe3+ 49. Kb1 Qxe4+ 50. Bc2 Qe1+ 51.
Kb2 {Hossa resigns} 1-0

[Event "ICS rated blitz match"]
[Site "204.178.125.65"]
[Date "2001.08.20"]
[Round "?"]
[White "ChesterX"]
[Black "Hossa"]
[Result "1-0"]
[WhiteElo "2813"]
[BlackElo "2499"]
[PlyCount "56"]
[EventDate "2001.??.??"]

1. e4 c5 2. Nf3 d6 3. d4 cxd4 4. Nxd4 Nf6 5. Nc3 a6 6. Bg5 e6 7. f4 Be7 8. Qf3
O-O 9. O-O-O Qc7 10. f5 Nc6 11. fxe6 Nxd4 12. exf7+ Rxf7 13. Rxd4 Nxe4 14. Qxe4
Bxg5+ 15. Kb1 Bf5 16. Qd5 Be3 17. Rd1 Bg4 18. Re1 Bf4 19. Bc4 Be5 20. Qd3 Bf5
21. Ne4 Raf8 22. Rhf1 Qb6 23. b3 Qa5 24. g4 Bxe4 25. Rxe4 Qc7 26. Be6 Kh8 27.
Rxf7 Rxf7 28. Rc4 Qb8 {Hossa resigns} 1-0

[Event "ICS rated blitz match"]
[Site "204.178.125.65"]
[Date "2001.08.20"]
[Round "?"]
[White "Hossa"]
[Black "ChesterX"]
[Result "1/2-1/2"]
[WhiteElo "2494"]
[BlackElo "2818"]
[PlyCount "131"]
[EventDate "2001.??.??"]

1. c4 e5 2. Nc3 Bb4 3. Nd5 Be7 4. Nf3 d6 5. d4 e4 6. Ng5 c6 7. Nxe7 Qxe7 8. g3
Nf6 9. Bg2 h6 10. Nh3 Bf5 11. d5 cxd5 12. cxd5 Nbd7 13. Be3 Qe5 14. Bd4 Qxd5
15. Nf4 Qb5 16. Rc1 O-O 17. a4 Qa6 18. O-O Rac8 19. b3 Rxc1 20. Qxc1 g5 21. Qd2
Re8 22. Bh3 Bxh3 23. Nxh3 d5 24. a5 Rc8 25. Rd1 Qe6 26. Kg2 b6 27. axb6 axb6
28. Ra1 Ng4 29. Ra7 Nge5 30. Bb2 Nc6 31. Ra6 f6 32. Qd1 b5 33. Bd4 Nde5 34. Rb6
b4 35. Ng1 Nd7 36. Ra6 Qf5 37. Ra2 Qg4 38. Be3 Qe6 39. Rd2 Ne7 40. Ra2 Ne5 41.
Ra5 Qd6 42. Bd4 Kg7 43. Qd2 N5c6 44. Rb5 Nxd4 45. Qxd4 Rb8 46. Ra5 Rd8 47. Qa7
Rd7 48. Qa8 Nc6 49. Ra1 Nd4 50. Rb1 Qc5 51. Qe8 Ra7 52. Qb8 Ra3 53. Qb7+ Kg6
54. Qb8 Kf7 55. Qb7+ Ke6 56. Qb8 Rxb3 57. Qg8+ Ke7 58. Qg7+ Ke8 59. Qg6+ Kd7
60. Qf7+ Qe7 61. Qxd5+ Qd6 62. Qf7+ Qe7 63. Qd5+ Qd6 64. Qf7+ Qe7 65. Qd5+ Qd6
66. Qf7+ {Game drawn by repetition} 1/2-1/2

[Event "ICS rated blitz match"]
[Site "204.178.125.65"]
[Date "2001.08.20"]
[Round "?"]
[White "ChesterX"]
[Black "Hossa"]
[Result "1/2-1/2"]
[WhiteElo "2806"]
[BlackElo "2506"]
[PlyCount "216"]
[EventDate "2001.??.??"]

1. d4 Nf6 2. c4 e6 3. Nc3 Bb4 4. g3 c5 5. Nf3 cxd4 6. Nxd4 Ne4 7. Qd3 Bxc3+ 8.
bxc3 Nc5 9. Qb1 O-O 10. Bg2 d6 11. O-O e5 12. Nb3 Nba6 13. Be3 Qe7 14. Bxc5
Nxc5 15. Nxc5 dxc5 16. Qe4 Re8 17. Rad1 Rb8 18. f4 f6 19. fxe5 Qxe5 20. Qxe5
Rxe5 21. Rd8+ Kf7 22. Bd5+ Kg6 23. e4 Re7 24. Kf2 Kh5 25. Rd1 Kg5 26. Ke3 g6
27. h4+ Kh6 28. Kf4 a6 29. Rd6 Kg7 30. Rb1 b5 31. cxb5 Rxb5 32. Rxb5 axb5 33.
Rc6 Bd7 34. Rxc5 Be8 35. c4 bxc4 36. Rxc4 h6 37. a3 Ra7 38. Rc3 g5+ 39. hxg5
hxg5+ 40. Ke3 Bd7 41. Kd4 Kg6 42. Kd3 Kg7 43. Rb3 Kg6 44. Kd4 Ra6 45. Kc5 Kh5
46. Rd3 Be8 47. Bc4 Rc6+ 48. Kd4 Rd6+ 49. Bd5 Ra6 50. Re3 Bd7 51. e5 fxe5+ 52.
Kxe5 Kg4 53. Rd3 Kh3 54. Bf7 Ra5+ 55. Kd6 Bg4 56. Bd5 Ra6+ 57. Ke7 Kh2 58. Rc3
Bd1 59. Re3 Bg4 60. Rb3 Bd1 61. Rc3 g4 62. Rd3 Bc2 63. Rd2+ Kh3 64. Rxc2 Ra7+
65. Kf6 Rxa3 66. Kg5 Rxg3 67. Kf4 Rg1 68. Be6 Rf1+ 69. Kg5 Kg3 70. Bc4 Rf2 71.
Rc1 Rg2 72. Rd1 Rf2 73. Rd7 Rg2 74. Rd3+ Kf2 75. Be6 Ke2 76. Rb3 Rg1 77. Bc4+
Kd2 78. Rd3+ Kc2 79. Ra3 Kd2 80. Ra2+ Kc3 81. Bd5 Kd4 82. Bg2 g3 83. Kf4 Re1
84. Ra4+ Kd3 85. Ra3+ Kd4 86. Ra2 Kd3 87. Rb2 Rg1 88. Be4+ Kc3 89. Rc2+ Kb3 90.
Rc7 Kb4 91. Rb7+ Kc4 92. Rd7 Kb5 93. Bd3+ Kc6 94. Rd4 Kc5 95. Rc4+ Kd6 96. Be4
g2 97. Rc6+ Ke7 98. Bxg2 Rxg2 99. Ke5 Kf7 100. Rd6 Kg7 101. Ke4 Kh7 102. Ke5
Kh8 103. Rd7 Kg8 104. Ke4 Kh8 105. Ke5 Kg8 106. Ke4 Kh8 107. Ke5 Kg8 108. Ke4
Kh8 {Game drawn by repetition} 1/2-1/2

[Event "ICS rated blitz match"]
[Site "204.178.125.65"]
[Date "2001.08.20"]
[Round "?"]
[White "Hossa"]
[Black "ChesterX"]
[Result "0-1"]
[WhiteElo "2517"]
[BlackElo "2795"]
[PlyCount "57"]
[EventDate "2001.??.??"]

1. e4 e6 2. Qe2 c5 3. d3 Nc6 4. Be3 Nf6 5. Nd2 d5 6. O-O-O Bd6 7. exd5 Nxd5 8.
Ne4 O-O 9. Nxd6 Qxd6 10. Kb1 e5 11. Nf3 Bg4 12. Re1 Rad8 13. h3 Nxe3 14. hxg4
Nxg4 15. Ng5 Nf6 16. Ne4 Nxe4 17. Qxe4 h6 18. Qh4 Qe6 19. c3 b5 20. g4 b4 21.
g5 bxc3 22. bxc3 Rb8+ 23. Ka1 Nd4 24. Qxd4 cxd4 25. Rh2 dxc3 26. f4 c2 27. Rxc2
Qb6 28. Rec1 Qd4+ 29. Rc3 {Hossa resigns} 0-1

[Event "ICS rated blitz match"]
[Site "204.178.125.65"]
[Date "2001.08.20"]
[Round "?"]
[White "Hossa"]
[Black "Hadoken"]
[Result "0-1"]
[WhiteElo "2512"]
[BlackElo "2804"]
[PlyCount "163"]
[EventDate "2001.??.??"]

1. Nf3 Nf6 2. g3 g6 3. c4 d6 4. Bg2 Bg7 5. d4 Bf5 6. Ng5 d5 7. Qb3 Nc6 8. e3
Na5 9. Qa4+ c6 10. cxd5 b5 11. Qb4 Nxd5 12. Bxd5 cxd5 13. Qxb5+ Bd7 14. Qxd5 e6
15. Qf3 O-O 16. Qf4 e5 17. dxe5 f6 18. Ne4 fxe5 19. Qh4 Qxh4 20. gxh4 Bh3 21.
Rg1 Nc6 22. a3 Bf5 23. Nbd2 Rad8 24. h5 gxh5 25. b4 Ne7 26. Bb2 Ng6 27. Rc1 Rf7
28. Rc6 Bg4 29. Rd6 Rxd6 30. Nxd6 Rc7 31. f3 Bd7 32. Ke2 Rc2 33. Bc1 Ba4 34.
Kf2 Bf6 35. Kg2 Bg5 36. Nf5 h6 37. Kf2 Kf7 38. Rh1 h4 39. Rg1 h3 40. Ng3 Ne7
41. Nge4 Nd5 42. Nxg5+ hxg5 43. Rxg5 Ke6 44. Rg6+ Kf5 45. Ra6 Nc3 46. Kg3 Bb5
47. Rxa7 Rxc1 48. Ra5 Kf6 49. f4 Rg1+ 50. Kxh3 exf4 51. exf4 Bd7+ 52. Kh4 Rg4+
53. Kh5 Rxf4 54. Ra6+ Be6 55. Rc6 Rd4 56. Nf1 Rd8 57. Kh4 Ne4 58. Ng3 Rh8+ 59.
Nh5+ Ke5 60. Rc2 Bf7 61. Kh3 Rxh5+ 62. Kg2 Rg5+ 63. Kf3 Bh5+ 64. Ke3 Rf5 65.
Kd3 Bd1 66. Rg2 Rf3+ 67. Kc4 Rxa3 68. Kb5 Kd4 69. Kb6 Rb3 70. b5 Bf3 71. Rg8
Be2 72. Rd8+ Ke5 73. h4 Rxb5+ 74. Kc6 Kf4 75. Rf8+ Ke3 76. Ra8 Rh5 77. Rg8 Rxh4
78. Rg6 Kd4 79. Rg7 Rh6+ 80. Kc7 Nf6 81. Rg3 Nd5+ 82. Kb8 {Hossa resigns} 0-1

[Event "ICS rated blitz match"]
[Site "204.178.125.65"]
[Date "2001.08.20"]
[Round "?"]
[White "FAT"]
[Black "Hossa"]
[Result "0-1"]
[WhiteElo "2403"]
[BlackElo "2507"]
[PlyCount "70"]
[EventDate "2001.??.??"]

1. e4 c5 2. Nf3 d6 3. d4 cxd4 4. Nxd4 Nf6 5. Nc3 a6 6. Bg5 e6 7. f4 Be7 8. Qf3
O-O 9. O-O-O Qc7 10. Be2 Bd7 11. Qg3 Nc6 12. Bh6 Ne8 13. f5 Bf6 14. Nxc6 bxc6
15. Bf4 Bxc3 16. Qxc3 exf5 17. exf5 Bxf5 18. Bf3 Rc8 19. Rhe1 a5 20. g4 Be6 21.
Kb1 Qd8 22. Rd2 d5 23. Be5 Qd7 24. h3 f6 25. Bd4 Nd6 26. Bc5 Rfe8 27. b3 Rb8
28. Rde2 a4 29. g5 axb3 30. axb3 f5 31. Qe5 Ne4 32. Bxe4 dxe4 33. Bd4 Bxb3 34.
cxb3 Rxb3+ 35. Kc2 Rxe5 {FAT resigns} 0-1

[Event "ICS rated blitz match"]
[Site "204.178.125.65"]
[Date "2001.08.20"]
[Round "?"]
[White "Hossa"]
[Black "gambitmaster"]
[Result "1/2-1/2"]
[WhiteElo "2513"]
[BlackElo "2757"]
[PlyCount "165"]
[EventDate "2001.??.??"]

1. Nf3 d5 2. d4 Nf6 3. c4 c6 4. Nc3 e6 5. e3 Nbd7 6. Qc2 Bd6 7. Bd2 O-O 8. Bd3
Qe7 9. c5 Bc7 10. Ng5 h6 11. Nf3 e5 12. dxe5 Nxe5 13. Nxe5 Qxe5 14. Ne2 Qh5 15.
f3 Nd7 16. O-O-O Qg5 17. Nd4 Qe7 18. Nb3 a5 19. a4 Ne5 20. Be2 Re8 21. g4 b6
22. cxb6 Bxb6 23. Nd4 Qd6 24. Bc3 Rb8 25. h4 Bd7 26. h5 f6 27. Rh3 Qc7 28. Rg1
c5 29. Nb5 Bxb5 30. axb5 c4 31. f4 Nf7 32. Qd2 Qc5 33. Rd1 Rbd8 34. Bf3 Rxe3
35. Bd4 Qxd4 36. Qxd4 Bxd4 37. Rxd4 c3 38. bxc3 Rxc3+ 39. Kd2 Rb3 40. b6 Kf8
41. Ke2 Re8+ 42. Kf2 Rxb6 43. Rxd5 a4 44. Ra5 Rb4 45. Kg3 Nd6 46. Bc6 Re3+ 47.
Kh4 Rxh3+ 48. Kxh3 Rxf4 49. Ra8+ Ke7 50. Ra7+ Ke6 51. Bd7+ Kd5 52. Ra5+ Ke4 53.
Rxa4+ Ke5 54. Ra5+ Kd4 55. Ra4+ Ke3 56. Ra3+ Kd2 57. Ra7 Re4 58. Bc6 Rc4 59.
Bf3 Rc3 60. Kg2 Ke3 61. Rxg7 f5 62. Ba8 Rc8 63. Rg6 Rxa8 64. Rxd6 fxg4 65. Kg3
Ra3 66. Kxg4 Ra5 67. Rc6 Rg5+ 68. Kh4 Ke4 69. Rg6 Kf4 70. Rxh6 Kf5 71. Rg6 Rxg6
72. hxg6 Kf6 73. Kh5 Kg7 74. Kg5 Kg8 75. Kh4 Kf8 76. Kg4 Kg8 77. Kh3 Kf8 78.
Kh4 Kg8 79. Kg5 Kg7 80. Kh5 Kg8 81. Kh6 Kh8 82. g7+ Kg8 83. Kg6 {
gambitmaster stalemated} 1/2-1/2

[Event "ICS rated blitz match"]
[Site "204.178.125.65"]
[Date "2001.08.20"]
[Round "?"]
[White "NewHal9000"]
[Black "Hossa"]
[Result "1-0"]
[WhiteElo "2698"]
[BlackElo "2523"]
[PlyCount "119"]
[EventDate "2001.??.??"]

1. c4 Nf6 2. d4 e6 3. Nc3 Bb4 4. e3 d5 5. Nf3 c5 6. Bd3 cxd4 7. exd4 dxc4 8.
Bxc4 Qc7 9. Qe2 Ne4 10. Qd3 Nd6 11. Bb3 b6 12. d5 O-O 13. dxe6 Bxe6 14. Bxe6
fxe6 15. Ng5 Rf5 16. O-O Qe7 17. Re1 Bc5 18. Rxe6 Qf8 19. Bf4 Na6 20. Rxd6 Nb4
21. Qe4 Rxg5 22. Bxg5 Bxd6 23. a3 Na6 24. Qc4+ Qf7 25. Qxa6 Re8 26. Qb5 Bc5 27.
Bh4 Kh8 28. Rd1 Rf8 29. Qe2 Qf4 30. Bg3 Qf7 31. b4 Re8 32. Be5 Bf8 33. Rd5 Rc8
34. Qd2 Re8 35. Ne4 Qe6 36. f3 a6 37. Bc3 Be7 38. Rd7 h6 39. Qd4 Qg6 40. Rb7 b5
41. Rb6 Qf7 42. Rxh6+ Kg8 43. Nd6 Bxd6 44. Rxd6 Rc8 45. Rxa6 Rxc3 46. Ra8+ Kh7
47. Qh4+ Kg6 48. Qe4+ Kh6 49. Rh8+ Kg5 50. f4+ Kg4 51. f5+ Kg5 52. h4+ Kf6 53.
Rf8 Rc1+ 54. Kh2 Rc6 55. Qxc6+ Ke5 56. Rxf7 g5 57. Re7+ Kd4 58. Rd7+ Ke5 59.
Qe6+ Kf4 60. Rd4# {Hossa checkmated} 1-0

[Event "ICS rated blitz match"]
[Site "204.178.125.65"]
[Date "2001.08.20"]
[Round "?"]
[White "TangoMike"]
[Black "Hossa"]
[Result "0-1"]
[WhiteElo "2020"]
[BlackElo "2514"]
[PlyCount "76"]
[EventDate "2001.??.??"]

1. c4 c5 2. Nc3 g6 3. g3 Bg7 4. Bg2 Nc6 5. Nf3 Nf6 6. O-O O-O 7. d3 d6 8. a3
Bg4 9. Rb1 Qd7 10. Bd2 Bxf3 11. Bxf3 Nd4 12. Bg2 Ng4 13. e3 Nc6 14. b4 cxb4 15.
axb4 Rfe8 16. h3 Nf6 17. b5 Nd8 18. Qb3 Ne6 19. d4 Ng5 20. Kh2 e5 21. h4 Ng4+
22. Kg1 Ne6 23. dxe5 Nxe5 24. Nd5 Rac8 25. Rbc1 Nc5 26. Qc2 Ncd3 27. Rcd1 Nb2
28. Rb1 Nbxc4 29. Qa2 Nd3 30. Rfd1 Ndb2 31. Bc3 Bxc3 32. Nxc3 Nxd1 33. Rxd1
Nxe3 34. Nd5 Nxd5 35. Bxd5 Rc5 36. Qxa7 Qg4 37. Qxb7 Qxd1+ 38. Kg2 Qxd5+ {
TangoMike resigns} 0-1

[Event "ICS rated blitz match"]
[Site "204.178.125.65"]
[Date "2001.08.20"]
[Round "?"]
[White "vitsi"]
[Black "Hossa"]
[Result "0-1"]
[WhiteElo "2429"]
[BlackElo "2534"]
[PlyCount "70"]
[EventDate "2001.??.??"]

1. e4 c5 2. Nf3 d6 3. d4 cxd4 4. Nxd4 Nf6 5. Nc3 a6 6. Bg5 e6 7. f4 Be7 8. Qf3
O-O 9. Bd3 h6 10. h4 Qb6 11. Nb3 Qc7 12. O-O-O hxg5 13. hxg5 Rd8 14. gxf6 Bxf6
15. Qh5 Kf8 16. e5 dxe5 17. Ne4 exf4 18. Nxf6 gxf6 19. Nc5 Qe5 20. Qxe5 fxe5
21. Rh8+ Ke7 22. Rxd8 Kxd8 23. Nxe6+ Bxe6 24. Bf5+ Kc7 25. Bxe6 fxe6 26. Re1
Nc6 27. c3 Rg8 28. Re2 Kd6 29. Kc2 e4 30. Rxe4 Rxg2+ 31. Kb3 f3 32. Rf4 Ne5 33.
a4 Rxb2+ 34. Ka3 Kc5 35. Rxf3 Nc4# {vitsi checkmated} 0-1

[Event "ICS rated blitz match"]
[Site "204.178.125.65"]
[Date "2001.08.20"]
[Round "?"]
[White "monsoon"]
[Black "Hossa"]
[Result "1-0"]
[WhiteElo "2603"]
[BlackElo "2545"]
[PlyCount "106"]
[EventDate "2001.??.??"]

1. e4 c5 2. Nf3 d6 3. d4 cxd4 4. Nxd4 Nf6 5. Nc3 a6 6. Be2 e5 7. Nb3 Be7 8. O-O
O-O 9. Be3 b6 10. Nd5 Nxd5 11. Qxd5 Ra7 12. Qd3 Be6 13. a4 Rb7 14. f4 Re8 15.
f5 Bd7 16. Nd2 Qc7 17. Qb3 Bc6 18. Bc4 Bd8 19. Rfd1 Qd7 20. c3 Qe7 21. Kh1 b5
22. axb5 Bxb5 23. Qa2 a5 24. Bxb5 Rxb5 25. Nc4 Bc7 26. Qa4 Rb7 27. Rxd6 Bxd6
28. Nxd6 Rf8 29. Nxb7 Qxb7 30. Qc2 Nc6 31. Rd1 Rb8 32. Qa4 Qa6 33. Rd6 Rc8 34.
Rd7 Nb8 35. Rc7 Rd8 36. Bg1 Rf8 37. Rc5 Qe2 38. Qxa5 Qxb2 39. Rc7 Qe2 40. Qxe5
Qf1 41. Rb7 Na6 42. Qd6 Qc4 43. e5 Rc8 44. e6 Rf8 45. Qd7 Qxc3 46. e7 Qc8 47.
exf8=Q+ Qxf8 48. Qb5 g6 49. Qxa6 Qd8 50. Qa7 gxf5 51. Rxf7 Qf8 52. Rd7 h6 53.
Qa2+ Kh8 {Hossa resigns} 1-0

[Event "ICS rated blitz match"]
[Site "204.178.125.65"]
[Date "2001.08.20"]
[Round "?"]
[White "Hossa"]
[Black "monsoon"]
[Result "0-1"]
[WhiteElo "2532"]
[BlackElo "2616"]
[PlyCount "84"]
[EventDate "2001.??.??"]

1. e4 c5 2. Nc3 Nc6 3. Nf3 g6 4. Bb5 Bg7 5. O-O e5 6. d3 Nge7 7. Be3 d6 8. Nd5
O-O 9. Bg5 f6 10. Bc4 Kh8 11. Be3 Be6 12. Nxe7 Qxe7 13. Bxe6 Qxe6 14. Nh4 f5
15. exf5 gxf5 16. Re1 e4 17. Bc1 Qf7 18. g3 Rae8 19. Rf1 exd3 20. cxd3 Nd4 21.
Be3 f4 22. gxf4 Rg8 23. Ng2 Qd5 24. f3 Nf5 25. Bf2 Bxb2 26. Rb1 Bf6 27. Rb3 Bd4
28. Kh1 Rxg2 29. Kxg2 Bxf2 30. Kh1 Bd4 31. Qd2 Nh4 32. h3 Re3 33. Qa5 Rxf3 34.
Qd8+ Kg7 35. Kh2 Rxf1 36. Qe7+ Kg6 37. Qe4+ Qf5 38. Qxf5+ Kxf5 39. Rxb7 Bg1+
40. Kg3 Rf3+ 41. Kxh4 Bf2+ 42. Kh5 Rxh3# {Hossa checkmated} 0-1

[Event "ICS rated blitz match"]
[Site "204.178.125.65"]
[Date "2001.08.20"]
[Round "?"]
[White "monsoon"]
[Black "Hossa"]
[Result "1-0"]
[WhiteElo "2628"]
[BlackElo "2520"]
[PlyCount "129"]
[EventDate "2001.??.??"]

1. e4 c5 2. Nf3 d6 3. d4 cxd4 4. Nxd4 Nf6 5. Nc3 a6 6. Be3 e5 7. Nb3 Be7 8. f3
O-O 9. Qd2 Bd7 10. g4 Re8 11. g5 Nh5 12. Nd5 Be6 13. Rg1 Bxd5 14. Qxd5 Nc6 15.
Bc4 Rf8 16. O-O-O Qc7 17. a3 Rac8 18. c3 b5 19. Bf1 b4 20. axb4 Nxb4 21. Qa5
Qb7 22. Kb1 Nc6 23. Qd5 Rb8 24. Bc4 a5 25. Rd2 a4 26. Na5 Nxa5 27. Qxa5 Rfc8
28. Bd5 Qd7 29. Rc2 Nf4 30. Bxf4 exf4 31. Ka1 Bd8 32. Qa6 Rb5 33. Rg4 a3 34. b4
Rb6 35. Qd3 Be7 36. Rxf4 Rf8 37. Rg2 Qh3 38. Qd2 Rb5 39. Qe2 Rb6 40. Qa2 Qc8
41. Bxf7+ Kh8 42. Qd2 Rc6 43. c4 Rb6 44. b5 Qc5 45. Rf5 Qc8 46. g6 h6 47. Qd4
d5 48. Rh5 Bf6 49. e5 Qxc4 50. Qxc4 Bxe5+ 51. Rxe5 dxc4 52. Bxc4 Rbb8 53. Bf7
Rb7 54. Ka2 Rbb8 55. Rge2 Rbc8 56. b6 Rb8 57. Re8 Rfxe8 58. Rxe8+ Rxe8 59. Bxe8
Kg8 60. b7 Kf8 61. b8=Q Ke7 62. Qc7+ Kf6 63. Qc5 h5 64. f4 h4 65. Qe5# {
Hossa checkmated} 1-0

[Event "ICS rated blitz match"]
[Site "204.178.125.65"]
[Date "2001.08.20"]
[Round "?"]
[White "Hossa"]
[Black "monsoon"]
[Result "0-1"]
[WhiteElo "2509"]
[BlackElo "2639"]
[PlyCount "113"]
[EventDate "2001.??.??"]

1. Nf3 Nf6 2. c4 e6 3. d4 c5 4. e3 cxd4 5. exd4 b6 6. Nc3 Bb7 7. Bd3 Be7 8. O-O
d5 9. Bf4 Nc6 10. b3 a6 11. Qd2 dxc4 12. Bxc4 Bb4 13. Qe3 Ne7 14. Nh4 b5 15.
Be2 Rc8 16. Nb1 Ned5 17. Qg3 Nxf4 18. Qxf4 g5 19. Qe5 gxh4 20. Bxb5+ Ke7 21.
Bc4 Qd6 22. a3 Rhg8 23. g3 hxg3 24. hxg3 Bc5 25. Qxd6+ Bxd6 26. Rd1 h5 27. Kf1
h4 28. gxh4 Rh8 29. Ke2 Rxh4 30. Nc3 Rch8 31. Rd3 Rh2 32. Nd1 Bf4 33. Ra2 Rg8
34. b4 Rg1 35. d5 Nxd5 36. b5 axb5 37. Bxd5 Bxd5 38. Rxd5 exd5 39. Nc3 Kd6 40.
Nxb5+ Ke5 41. a4 Rhh1 42. a5 Ra1 43. Rxa1 Rxa1 44. Na7 d4 45. Nc8 Ra3 46. Nb6
Bc1 47. Nc4+ Ke4 48. Nxa3 d3+ 49. Kd1 Bxa3 50. a6 Bc5 51. Kd2 Bxf2 52. Kc3 d2
53. Kb4 d1=Q 54. Kc3 Qd3+ 55. Kb4 Be1+ 56. Ka4 Bd2 57. a7 {Hossa resigns} 0-1

[Event "ICS rated blitz match"]
[Site "204.178.125.65"]
[Date "2001.08.20"]
[Round "?"]
[White "WFN2"]
[Black "Hossa"]
[Result "0-1"]
[WhiteElo "2385"]
[BlackElo "2499"]
[PlyCount "62"]
[EventDate "2001.??.??"]

1. d4 Nf6 2. Nf3 c6 3. Bf4 d6 4. e3 Nh5 5. Bg5 h6 6. Bh4 g5 7. Bg3 Nxg3 8. hxg3
Bg7 9. Bd3 Bg4 10. Nbd2 c5 11. c3 Nd7 12. Qa4 cxd4 13. exd4 a6 14. O-O-O b5 15.
Qb3 Be6 16. d5 Nc5 17. Qc2 Bxd5 18. Kb1 Qa5 19. c4 bxc4 20. Bxc4 Bc6 21. Nb3
Nxb3 22. Bxb3 Rc8 23. Ka1 Bf6 24. Rhe1 g4 25. Nh4 Bd7 26. Qe2 Rc5 27. Rxd6 Re5
28. Bxf7+ Kxf7 29. Qc4+ Kg7 30. Rxe5 Qxe5 31. Rd1 Qxb2# {WFN2 checkmated} 0-1

[Event "ICS rated blitz match"]
[Site "204.178.125.65"]
[Date "2001.08.20"]
[Round "?"]
[White "Hossa"]
[Black "IgorIvanov"]
[Result "1-0"]
[WhiteElo "2510"]
[BlackElo "2533"]
[PlyCount "79"]
[EventDate "2001.??.??"]

1. e4 e6 2. d4 d5 3. Nc3 Bb4 4. e5 Ne7 5. a3 Bxc3+ 6. bxc3 b6 7. Nf3 Ba6 8.
Bxa6 Nxa6 9. Qe2 Nb8 10. c4 Nbc6 11. cxd5 Qxd5 12. c3 Na5 13. O-O Nc4 14. Nd2
b5 15. Rb1 Nxd2 16. Bxd2 a6 17. Qh5 O-O 18. Rfd1 f5 19. Bg5 Nc6 20. Rbc1 Na5
21. Rd3 Rf7 22. Rh3 h6 23. Bf4 Kf8 24. Qg6 Ke7 25. Ra1 Nc4 26. Bg3 Nb6 27. Bh4+
Kf8 28. Qh7 g5 29. Qxh6+ Ke8 30. Bxg5 Kd7 31. Qg6 Rff8 32. Rh7+ Kc6 33. Re7 Rg8
34. Qf7 Nd7 35. h4 Raf8 36. Qxe6+ Qxe6 37. Rxe6+ Kb7 38. a4 Nb6 39. axb5 axb5
40. Ra5 {IgorIvanov resigns} 1-0

[Event "ICS rated blitz match"]
[Site "204.178.125.65"]
[Date "2001.08.20"]
[Round "?"]
[White "IgorIvanov"]
[Black "Hossa"]
[Result "1/2-1/2"]
[WhiteElo "2510"]
[BlackElo "2527"]
[PlyCount "145"]
[EventDate "2001.??.??"]

1. d4 Nf6 2. c4 e6 3. Nf3 d5 4. Bg5 Bb4+ 5. Nc3 Bxc3+ 6. bxc3 Nbd7 7. cxd5 exd5
8. e3 h6 9. Bh4 O-O 10. Bd3 Nb6 11. O-O Bg4 12. Qb3 Bxf3 13. gxf3 Qd6 14. a4 a5
15. Bg3 Qe7 16. Rab1 Rfc8 17. Rfc1 Qd7 18. c4 Ra7 19. c5 Nc4 20. Bxc4 dxc4 21.
Qxc4 Qf5 22. Kg2 Nh7 23. Qc2 Qf6 24. h4 Qc6 25. e4 Qf6 26. e5 Qe6 27. c6 bxc6
28. Qxc6 Rd8 29. Qxe6 fxe6 30. Rc4 Nf8 31. Rbc1 Rd7 32. h5 g6 33. f4 gxh5 34.
Kf3 Kf7 35. Ke4 Ng6 36. f5 exf5+ 37. Kxf5 Nf8 38. Ke4 Ke8 39. d5 Rg7 40. e6
Rg4+ 41. Kf5 Rg5+ 42. Ke4 Rg4+ 43. Kf3 Rg5 44. Rd4 c5 45. Rxc5 Nxe6 46. Re4
Rf5+ 47. Ke3 Re7 48. Rxa5 Rf3+ 49. Kd2 Ng5 50. Ra8+ Kf7 51. Rxe7+ Kxe7 52. Ra7+
Kd8 53. Ke2 Rf5 54. d6 Rd5 55. f4 Ne4 56. Bh4+ Kc8 57. d7+ Rxd7 58. Rxd7 Kxd7
59. Ke3 Nc3 60. a5 Nd5+ 61. Ke4 Nxf4 62. Kxf4 Kc8 63. a6 Kb8 64. Bf2 h4 65. Kg4
Ka8 66. Kxh4 h5 67. Kxh5 Kb8 68. Kg6 Ka8 69. Kf7 Kb8 70. Ke7 Ka8 71. Kd7 Kb8
72. Kd8 Ka8 73. Kc8 {Hossa stalemated} 1/2-1/2

[Event "ICS rated blitz match"]
[Site "204.178.125.65"]
[Date "2001.08.20"]
[Round "?"]
[White "Hossa"]
[Black "IgorIvanov"]
[Result "1-0"]
[WhiteElo "2526"]
[BlackElo "2504"]
[PlyCount "117"]
[EventDate "2001.??.??"]

1. d4 Nf6 2. c4 e6 3. Nc3 Bb4 4. e3 b6 5. Bd3 Bb7 6. Nf3 O-O 7. O-O Bxc3 8.
bxc3 Ne4 9. Ne1 f5 10. f3 Nf6 11. Qe2 Nh5 12. e4 f4 13. Ba3 Rf7 14. e5 Nc6 15.
Be4 Na5 16. d5 Ba6 17. dxe6 dxe6 18. Rd1 Qe8 19. Bxa8 Qxa8 20. Qd3 c5 21. Rf2
Bxc4 22. Qd8+ Qxd8 23. Rxd8+ Rf8 24. Rd7 Rf7 25. Rfd2 Bd5 26. Rd8+ Rf8 27.
Rxf8+ Kxf8 28. Bc1 Nc4 29. Re2 Kf7 30. Nc2 h6 31. Na3 Nxa3 32. Bxa3 g5 33. Rc2
Bc4 34. Rd2 Bd5 35. Kf2 Ng7 36. Bc1 Nf5 37. Rc2 Bc4 38. g3 fxg3+ 39. hxg3 Bd3
40. Rd2 c4 41. Rd1 Kg6 42. Ba3 h5 43. Rg1 Nh6 44. Be7 g4 45. f4 Nf5 46. Bf6 b5
47. Rd1 a5 48. a3 Be4 49. Rd7 b4 50. cxb4 axb4 51. axb4 c3 52. Rd8 c2 53. Rg8+
Kf7 54. Rc8 Kg6 55. Rc3 Kf7 56. b5 Ke8 57. b6 Kd7 58. Rc7+ Ke8 59. Rxc2 {
IgorIvanov resigns} 1-0